Normal view
MARC view
- Hammann, Marcus.
Entry Personal Name
001 - CONTROL NUMBER
- control field: 48953
003 - CONTROL NUMBER IDENTIFIER
- control field: OSt
005 - DATE AND TIME OF LATEST TRANSACTION
- control field: 20230914111329.0
008 - FIXED-LENGTH DATA ELEMENTS
- fixed length control field: 230914|| aca||aabn | a|a d
040 ## - CATALOGING SOURCE
- Original cataloging agency: OSt
- Transcribing agency: OSt
100 ## - HEADING--PERSONAL NAME
- Personal name: Hammann, Marcus.
- Relator term: author.
670 ## - SOURCE DATA FOUND
- Source citation: Work cat.: (OSt): Heemann, Tim. author. 48949, Towards teaching for an integrated understanding of trait formation : , April 2020.
